8 mots dans mots : las (mort subite) - Statistiques

Statistiques générales
  • Ce quiz a été pris 31 fois
  • Le résultat moyen est 5 sur 8
Answers on the Grid
Answers color-coded by a green-red scale on the quiz's grid according to % correct below.
B---phématrice
Water-c---ets
Ecrabouil---se
Inexp---ible
E---tiquement
C---sificatrice
Anky---er
Méticu---ité
Dégueu---serie
Phil---ophiquement
Imp---er
A---kan malamute
Co---salement
Déambu---sions
Autoexp---if
E---ticimétrie
 
Statistiques - réponses
Réponse % Correct
B---phématrice
83%
C---sificatrice
77%
E---tiquement
70%
Déambu---sions
60%
Dégueu---serie
57%
Ecrabouil---se
47%
E---ticimétrie
47%
A---kan malamute
23%
Aucun quiz correspondant
Distribution des résultats
% des personnes avec chaque résultat
Percentile par nombre de réponses
Votre historique - résultats
Vous n’avez pas pris ce quiz